Казачья война 1812 г. (октябрь, Тарутино) (Запись № 10833137)

Подробности
000 -МАРКЕР
контрольное поле 01662nam0a2200361 4500
001 - ИДЕНТИФИКАТОР ЗАПИСИ
контрольное поле RU\NLR\BIBL_A\011590045
005 - ИДЕНТИФИКАТОР ВЕРСИИ
контрольное поле 20241102232152.0
010 ## - МЕЖДУНАРОДНЫЙ СТАНДАРТНЫЙ НОМЕР КНИГИ (ISBN)
Номер (ISBN) 9785936463105
021 ## - НОМЕР ГОСУДАРСТВЕННОЙ РЕГИСТРАЦИИ
Код страны российская федерация
Номер 2017-94849
Номер Листа государственной регистраци 6807
035 ## - ДРУГИЕ СИСТЕМНЫЕ НОМЕРА
Идентификатор записи (RuMoRGB)009480090
035 ## - ДРУГИЕ СИСТЕМНЫЕ НОМЕРА
Идентификатор записи (NLR Aleph) 011590045
100 ## - ДАННЫЕ ОБЩЕЙ ОБРАБОТКИ
Данные общей обработки 20180111d2017 km y0rusy50 ca
101 0# - ЯЗЫК РЕСУРСА
Язык текста, звукозаписи и т.д. русский
102 ## - СТРАНА ПУБЛИКАЦИИ ИЛИ ПРОИЗВОДСТВА
Страна публикации российская федерация
105 ## - ПОЛЕ КОДИРОВАННЫХ ДАННЫХ: ТЕКСТОВЫЕ МАТЕРИАЛЫ, МОНОГРАФИЧЕСКИЕ
Кодированные данные о монографическом текстовом документе a z 000zy
200 1# - ЗАГЛАВИЕ И СВЕДЕНИЯ ОБ ОТВЕТСТВЕННОСТИ
Основное заглавие Казачья война 1812 г. (октябрь, Тарутино)
Сведения, относящиеся к заглавию фотоальбом № 15
Первые сведения об ответственности С. В. Корягин, С. Д. Логинов
210 ## - ПУБЛИКАЦИЯ, РАСПРОСТРАНЕНИЕ И ДР.
Место издания, распространения и т.д. Москва
Имя издателя, распространителя и т. д. Русаки
Дата издания, распространения и т.д. 2017
215 ## - ФИЗИЧЕСКАЯ ХАРАКТЕРИСТИКА
Специфическое обозначение материала и объем 256 с.
Другие сведения о физической характеристике ил.
Размеры 20
Сопроводительный материал 1 электрон. опт. диск (CD-ROM)
225 1# - СЕРИЯ
Основное заглавие серии Генеалогия и семейная история Донского казачества
Обозначение тома вып. 124
300 ## - ОБЩИЕ ПРИМЕЧАНИЯ
Текст примечания На обл. авт. не указаны
327 1# - ПРИМЕЧАНИЯ О СОДЕРЖАНИИ
Текст примечания Материалы, помещенные на с. 257-526 и Фотоальбом N° 15, размещены на CD
606 1# - НАИМЕНОВАНИЕ ТЕМЫ КАК ПРЕДМЕТ
Наименование темы Донское казачество
Тематический подзаголовок История
Хронологический подзаголовок 19 в.
Системный номер авторитетной/нормативной записи 2317602
Идентификатор авторитетной/нормативной записи RU\NLR\AUTH\661386676
606 ## - НАИМЕНОВАНИЕ ТЕМЫ КАК ПРЕДМЕТ
Наименование темы Отечественная война
Тематический подзаголовок История
Хронологический подзаголовок 1812
Системный номер авторитетной/нормативной записи 1814942
Идентификатор авторитетной/нормативной записи RU\NLR\AUTH\66819174
686 1# - ИНДЕКСЫ ДРУГИХ КЛАССИФИКАЦИЙ
Индекс Т3(2)0-294
686 1# - ИНДЕКСЫ ДРУГИХ КЛАССИФИКАЦИЙ
Индекс Ц35(2)471.6
686 1# - ИНДЕКСЫ ДРУГИХ КЛАССИФИКАЦИЙ
Индекс Т3(2)471-686.1
700 #1 - ИМЯ ЛИЦА - ПЕРВИЧНАЯ ОТВЕТСТВЕННОСТЬ
Графика поля Кириллица
Материалы, к которым относится поле rus
Начальный элемент ввода Корягин
Часть имени, кроме начального элемента ввода С. В.
Дополнения к именам, кроме дат канд. техн. наук
-- историк казачества
Расширение инициалов личного имени Сергей Викторович
Системный номер авторитетной/нормативной записи 154033
Идентификатор авторитетной/нормативной записи RU\NLR\AUTH\770154071
701 #1 - ИМЯ ЛИЦА - АЛЬТЕРНАТИВНАЯ ОТВЕТСТВЕННОСТЬ
Начальный элемент ввода Логинов
Часть имени, кроме начального элемента ввода С. Д.
Расширение инициалов личного имени Сергей Дмитриевич
942 ## - ДОПОЛНИТЕЛЬНЫЕ ЭЛЕМЕНТЫ ЗАПИСИ (АБИС)
Тип экземпляра АБИС Книга
980 ## - КОЛЛЕКЦИЯ
Название коллекции НБР

Нет доступных экземпляров.